000
00312nam a22001337a 4500
008
170731b xxu||||| |||| 00| 0 eng d
020
_a
3486218212
041
_a
ger
080
_a
004
100
_a
32
101
_a
SHK
245
_a
INFORMATIONSSTRUKTURIERUNG IN DATENBANKSYSTEMEN
_c
MULLER,G
942
_2
udc
_c
BK
999
_c
22246
_d
22246